| 000 | 00378cam a22001331 4500 | ||
|---|---|---|---|
| 082 |
_a956.95 _bGLU _cMCE |
||
| 100 | 1 |
_aGlubb, John Bagot, _946650 |
|
| 245 | 1 | 4 | _aThe story of the Arab Legion. |
| 260 |
_aLondon, _bHodder & Stoughton _c[1948] |
||
| 300 |
_a371p. _bplates,ports.,maps. _c23cm. |
||
| 526 |
_a0 _b0 _c0 _d956_950000000000000_GLU |
||
| 650 |
_aMCE _9379 |
||
| 942 |
_2ddc _cBK |
||
| 999 |
_c549943 _d549943 |
||